| 000 | 00883naa a22002657a 4500 | ||
|---|---|---|---|
| 001 | BR7808103 | ||
| 003 | BR-BrBNA | ||
| 005 | 20250714162952.0 | ||
| 007 | ta | ||
| 008 | 250630b bl.|||m| |||| 00| 0 por d | ||
| 040 |
_aBR-BrBNA _bpor _cBiblioteca Nacional de Agricultura |
||
| 041 | _a(Pt) | ||
| 072 | _aD10; P35 | ||
| 090 | _aD10 BR7808103 | ||
| 100 | 1 | _aValadares, J.M.A.S. | |
| 245 | 1 | _aFertilidade do solo | |
| 500 | _aCiencia e Tecnologia no estado de Sao Paulo 3. Agropecuaria solo [np](Brasil): [nd]. p. 69-80 (BR7808103-AMS) | ||
| 773 | 0 |
_tCiencia e Tecnologia no estado de Sao Paulo 3. Agropecuaria solo _wD10 BR7808103 _g[np](Brasil), [nd]. p. 69-80 |
|
| 650 | _aFERTILIDADE DO SOLO | ||
| 650 | _aINSTITUICAO AGRICOLA | ||
| 650 | _aSAO PAULO | ||
| 490 |
_aPublicacao ACIESP (Brazil) _vno. 4 |
||
| 942 |
_cAMS _2AGRIS |
||
| 909 |
_a202506 _bLúcia _c55 _dLúcia Elande |
||
| 999 |
_c333185 _d333185 |
||